| 000 | 00408nam a22001457a 4500 | ||
|---|---|---|---|
| 003 | SGT | ||
| 082 |
_a617.84 _bI24E |
||
| 100 | _aMAHANTA, EEPSITA | ||
| 245 | _aIDENTIFICATION OF PREDICTORS OF PHYSICAL PERFORMANCE IN STRENGTH/POWER AND ENDURANCE ATHLETES:A CROSS -SECTIONAL ANALYSIS | ||
| 260 |
_aGURUGRAM _bSGT UNIVERSITY _c2024 |
||
| 300 | _a129 | ||
| 650 | _aSPORTS | ||
| 653 | _aMPT | ||
| 942 |
_2ddc _cTH |
||
| 999 |
_c32207 _d32207 |
||